Recenzný posudok na publikáciu autorov: Michal Stričík, Pavol Andrejovský, Martin Bosák s názvom Udržateľnosť prírodných zdrojov

Stručná recenzia na publikovanú knihu, určenú poslucháčom Ekonomickej univerzity - Podnikovohospodárskej fakulty.

Uložené v:
Podrobná bibliografia
Hlavný autor: Urblíková, Daniela
Médium: Kapitola
Jazyk:Slovak
Predmet:
Tagy: Pridať tag
Žiadne tagy, Buďte prvý, kto otaguje tento záznam!

MARC

LEADER 00000naa a2200000 4500
001 0161802
005 20240502072815.5
041 0 |a slo 
044 |a SK 
245 1 0 |a Recenzný posudok na publikáciu autorov: Michal Stričík, Pavol Andrejovský, Martin Bosák s názvom Udržateľnosť prírodných zdrojov  |c Daniela Urblíková 
520 |a Stručná recenzia na publikovanú knihu, určenú poslucháčom Ekonomickej univerzity - Podnikovohospodárskej fakulty. 
610 2 0 |a zdroje prírodné 
610 2 0 |a rozvoj trvalo udržateľný 
610 2 0 |a recenzie 
100 1 |a Urblíková, Daniela